[Event "Regensburg Donau Cup 2nd"]
[Site "Regensburg"]
[Date "2018.05.09"]
[Round "1"]
[White "Klausmann, Leonard"]
[Black "Zenker, Ulrich"]
[Result "0-1"]
[WhiteElo "1776"]
[BlackElo "2172"]
[PlyCount "38"]
[EventDate "2018.05.09"]
[EventType "swiss"]
[EventRounds "7"]
[EventCountry "GER"]
[SourceTitle "CBM 184 Extra"]
[Source "ChessBase"]
[SourceDate "2018.06.28"]
[SourceVersion "1"]
[SourceVersionDate "2018.06.28"]
[SourceQuality "1"]

1. Nf3 g6 2. e4 Bg7 3. g3 c5 4. Bg2 Nc6 5. d3 e5 6. 0-0 Nge7 7. Nbd2 0-0 8. c3 d6 9. Re1 Rb8 10. Nf1 b5 11. Ng5 h6 12. Nh3 b4 13. Be3 Be6 14. Qd2 Qd7 15. f4 Bxh3 16. fxe5 Nxe5 17. Bxh6 Bxg2 18. Kxg2 bxc3 19. bxc3 Nxd3 0-1

[Event "Oberpfalz-ch M2"]
[Site "Schwandorf"]
[Date "2015.03.30"]
[Round "5"]
[White "Schmidt, Johann1111"]
[Black "Klausmann, Leonard"]
[Result "1/2-1/2"]
[WhiteElo "1791"]
[BlackElo "1612"]
[PlyCount "68"]
[EventDate "2015.03.28"]
[EventType "swiss"]
[EventRounds "8"]
[EventCountry "GER"]
[SourceTitle "EXT 2022"]
[Source "ChessBase"]
[SourceDate "2021.10.06"]
[SourceVersion "1"]
[SourceVersionDate "2021.10.06"]
[SourceQuality "1"]

1. d4 Nf6 2. c4 e5 3. dxe5 Ng4 4. Nf3 Bc5 5. e3 Nc6 6. Nc3 Ngxe5 7. Be2 d6 8. 0-0 Be6 9. b3 Qd7 10. Bb2 f6 11. Na4 Bb6 12. Nxb6 axb6 13. Nd4 Bf7 14. f4 Ng6 15. Bg4 Qd8 16. Qf3 0-0 17. Nxc6 bxc6 18. Qxc6 Re8 19. Rfe1 Qe7 20. g3 d5 21. Bf3 dxc4 22. bxc4 Rad8 23. Bd5 Rd6 24. Qb5 Bxd5 25. cxd5 Qe4 26. Rad1 Red8 27. Rd4 Rxd5 28. Qc4 b5 29. Rxe4 bxc4 30. Rxc4 Rd2 31. Bd4 Rxa2 32. Rxc7 Nf8 33. Re7 Rc8 34. Ra7 Rd2 1/2-1/2

[Event "Landesliga U20 Nord 1314"]
[Site "Bayern"]
[Date "2013.11.16"]
[Round "1.4"]
[White "Klausmann, Leonard"]
[Black "Oberhofer, Marie"]
[Result "1/2-1/2"]
[WhiteElo "1636"]
[BlackElo "1606"]
[PlyCount "59"]
[EventDate "2013.11.16"]
[EventType "team-tourn"]
[EventRounds "7"]
[EventCountry "GER"]
[SourceTitle "EXT 2022"]
[Source "ChessBase"]
[SourceDate "2021.10.06"]
[SourceVersion "1"]
[SourceVersionDate "2021.10.06"]
[SourceQuality "1"]
[WhiteTeam "Kareth Lappersdorf U20"]
[BlackTeam "Regensburg Bavaria U20"]
[WhiteTeamCountry "GER"]
[BlackTeamCountry "GER"]

1. Nc3 c5 2. e4 Nc6 3. f4 g6 4. Nf3 Bg7 5. Bc4 e6 6. 0-0 Nge7 7. e5 0-0 8. d3 Nf5 9. Ne4 Qe7 10. c3 d5 11. exd6 Nxd6 12. Bb3 Nxe4 13. dxe4 Rd8 14. Qe1 b5 15. e5 Bb7 16. Bc2 Rd7 17. Be3 Rad8 18. Qf2 c4 19. Bc5 Qe8 20. a4 a6 21. Nd4 Nxd4 22. cxd4 Bf8 23. Bb6 Rc8 24. axb5 axb5 25. Ra5 Bc6 26. Rfa1 Bb4 27. Ra7 Rxa7 28. Rxa7 Ra8 29. Rxa8 Qxa8 30. Qf1 1/2-1/2